| 000 | 09493cam a2200409Ia 4500 | ||
|---|---|---|---|
| 001 | 6388061 | ||
| 003 | ARRUPE | ||
| 005 | 20140130020009.0 | ||
| 008 | 080115s2007 onc b 001 0 eng d | ||
| 020 | _a9780802097538 (bound) | ||
| 020 | _a0802097537 (bound) | ||
| 020 | _a9780802095176 (pbk.) | ||
| 020 | _a0802095178 (pbk.) | ||
| 035 | _a(OCoLC)ocn190813275 | ||
| 035 | _a(OCoLC)190813275 | ||
| 035 | _a(NNC)6388061 | ||
| 040 |
_aVYF _cVYF _dVYF _dBAKER _dOrLoB-B |
||
| 090 |
_aBX891 _b.L63 v.20 |
||
| 100 | 1 |
_aLonergan, Bernard J. F. _96760 |
|
| 245 | 1 | 0 |
_aShorter papers / _cBernard Lonergan ; edited by Robert C. Croken, Robert M. Doran, and H. Daniel Monsour. |
| 260 |
_aToronto ; _aBuffalo : _bPublished for Lonergan Research Institute of Regis College, Toronto by University of Toronto Press, _cc2007. |
||
| 300 |
_axv, 319 p. ; _c25 cm. |
||
| 490 | 1 |
_aCollected works of Bernard Lonergan ; _vv. 20 |
|
| 504 | _aIncludes bibliographical references and index. | ||
| 505 | 0 | 0 |
_tGeneral Editors' Preface / _rRobert M. Doran -- _gPart 1. _tThe Blandyke Papers -- _g1. _tThe Form of Mathematical Inference -- _g1. _tVis Cogitativa and Concrete Inference -- _g2. _tUniversals of Sense, Generic Image, and Axioms -- _g3. _tVis Cogitativa and an Example of Concrete Inference in Geometry -- _g4. _tVis Cogitativa and an Example of Concrete Inference in Algebra -- _g2. _tThe Syllogism -- _g1. _tTypes of Inference -- _g1.1. _tSyllogistic and Non-syllogistic Inference -- _g2. _tPredication, Logical Whole and Part, and the Hypothetical Argument in Inference -- _g2.1. _tObjective Identity of Object and Attribute -- _g2.2. _tObjective Relations among Attributes and among Objects -- _g3. _tSyllogism and the Reduction to the Hypothetical -- _g4. _tConcluding Reflections -- _g4.1. _tPhenomenal Predication -- _g4.2. _tNoumenal Predication -- _g3. _tTrue Judgment and Science -- _g1. _tTrue Judgment as Consciously True -- _g2. _tFormal Inference, and the Reasonableness of Informal and Natural Inference -- _g3. _tThe Illative Sense: A Way to Truth through Our Intellectual and Our Moral Being -- _g4. _tInfinite Multitude -- _g5. _tA Letter on 'Creation from Eternity' -- _gPart 2. _tEarly Short Papers and Devotional Works -- _g6. _tGilbert Keith Chesterton -- _g7. _tThe College Chapel -- _g8. _tSecondary Patrons of Canada -- _g9. _tSavings Certificates and Catholic Action -- _g10. _tThe Queen's Canadian Fund -- _g11. _tThe Mystical Body and the Sacraments -- _g12. _tQuatercentenary -- _g13. _tChesterton the Theologian -- _g14. _tThe Mass and Man -- _tThe Symbolism of Calvary -- _tThe Meaning of Calvary -- _tGod's Love -- _tSacrifice -- _tThe Mass -- _g15. _tA New Dogma -- _g16. _tThe Mystical Body of Christ -- _g17. _tDevotion to the Sacred Heart of Jesus and the Immaculate Heart of Mary -- _tGods for Everything -- _tA Vital Process -- _t'Testimony to the Truth' -- _tGrace and Prayer -- _g18. _tHumble Acknowledgment of the Church's Teaching Authority -- _tInitial Simple Fact -- _tChrist in His Members -- _tThat They May Be One -- _tNot Metaphor, but Mystery -- _tWe Know by Faith -- _tOur Calling -- _tThe Church and the Mystical Body of Christ -- _tChrist in His Church -- _t'To Whom Shall We Go?' -- _tPrayer for Grace -- _g19. _tRespect for Human Dignity -- _tFlight from God -- _tAppeal to Science -- _tA New View -- _tA Regrettable Lag -- _tDemocracy versus Autocracy -- _tPlanned Society -- _tThe Personal Factor -- _t'Depersonalization' -- _tReturn to God -- _gPart 3. _tEarly Reviews -- _g20A. _tReview of L.W. Keeler, S.J., The Problem of Error, from Plato to Kant: A Historical and Critical Study (Latin) -- _g20B. _tReview of L.W. Keeler, S.J., The Problem of Error, from Plato to Kant: A Historical and Critical Study (English translation) -- _g21. _tReview of E.I. Watkin, The Catholic Centre -- _g22. _tReview of Moses Coady, Masters of Their Own Destiny -- _tUniversal Application -- _tPractical Education -- _tQuebec's Opportunity -- _g23. _tBook Notice of Jacques Maritain, The Living Thoughts of St. Paul -- _g24. _tReview of Caryll Houselander, This War Is the Passion -- _g25. _tReview of Dietrich von Hildebrand, Marriage -- _g26. _tReview of George Boyle, Democracy's Second Chance -- _g27. _tReview of Andrew J. Krzesinski, Is Modern Culture Doomed? -- _g28. _tReview of Andre Maurois, I Remember, I Remember -- _g29. _tReview of Francis Stuart Campbell, The Menace of the Herd -- _g30. _tReview of Harry M. Cassidy, Ph.D., Social Security and Reconstruction in Canada -- _g31. _tReview of K.F. Reinhardt, A Realistic Philosophy -- _g32. _tReview of Mediaeval Studies, VIII -- _g33. _tReview of Donald Williams, The Ground of Induction -- _g34. _tReview of William R. O'Connor, The Eternal Quest -- _g35. _tReview of Dom Illtyd Trethowan, Certainty: Philosophical and Theological -- _g36. _tReview of Etienne Gilson, Being and Some Philosophers (in The Ensign) -- _g37. _tReview of Etienne Gilson, Being and Some Philosophers (in Theological Studies) -- _g38. _tReview of Joseph Buckley, S.M., Man's Last End and Andre de Bovis, La sagesse de Seneque -- _g39. _tReview of Eduard Stakemeier, Uber Schicksal und Vorsehung -- _g40. _tReview of Sciences ecclesiastiques, III -- _g41. _tReview of Eduardo Iglesias, S.J., De Deo creationis finem exsequente -- _g42. _tReview of H. Paissac, O.P., Theologie du Verbe: Saint Augustin et saint Thomas -- _gPart 4. _tReviews and Book Notices from the Roman Years -- _g43. _tReview of Jules Chaix-Ruy, Les Dimensions de l'etre et du temps -- _g44. _tReview of Paul Vanier, S.J., Theologie trinitaire chez saint Thomas d'Aquin: Evolution du concept d'action notionelle -- _g45. _tReview of B. Xiberta, O.C., El Yo de Jesucristo: Un Conflicto entre dos Cristologias -- _g46. _tBook Notice of F.L.B. Cunningham, O.P., The Indwelling of the Trinity: A Historico-Doctrinal Study of the Theory of St. Thomas Aquinas -- _g47. _tReview of Johannes Brinktrine, Die Lehre von Gott. Zweiter Band: Von der gottlichen Trinitat -- _g48. _tBook Notice of S. Thomae Aquinatis, (1) In Octo libros de Physico Auditu sive Physicorum Aristotelis Commentaria, (2) In Aristotelis Libros Peri Hermeneias et Posteriorum Analyticorum Expositio, and (3) In Librum de Causis Expositio -- _g49. _tBook Notice of Plotinus, The Enneads -- _g50. _tReview of M.F. Sciacca, Saint Augustin et le neoplatonisme, La possibilite d'une philosophie chretienne and Maurice Nedoncelle, Existe-t-il une philosophie chretienne? -- _g51. _tBook Notice of Bernard Piault, Le Mystere du Dieu Vivant -- _g52. _tReview of Bartholomaeus M. Xiberta, O.Carm., Tractatus de Verbo Incarnato, I. Introductio et Christologia, II. Soteriologia and Enchiridion de Verbo Incarnato. Fontes quos ad studia theologica collegit -- _g53. _tReview of William Oliver Martin, The Order and Integration of Knowledge and Metaphysics and Ideology -- _g54. _tBook Notice of In Opera Sancti Thomae Aquinatis Index seu Tabula Aurea Eximii Doctoris -- _g55. _tBook Notice of Ignacio Escribano-Alberca, Die Gewinnung theologischer Normen aus der Geschichte der Religion bei E. Troeltsch -- _g56. _tReview of Jean-Marie Levasseur, Le Lieu theologique, 'histoire' -- _g57. _tReview of Edmond Barbotin, Jean Trouillard, Roger Verneaux, Dominique Dubarle, Stanislas Breton, La crise de la raison dans la pensee contemporaine -- _g58. _tReview of Jean-Louis Maier, Les missions divines selon saint Augustin -- _g59. _tReview of Herman M. Diepen, La theologie de l'Emmanuel: Les lignes maitresses d'une christologie -- _g60. _tBook Notice of Michael Schmaus, Katholische Dogmatik, Band II, Teil 2: Gott der Erloser -- _gPart 5. _tLater Shorter Papers, Responses, Reviews -- _g61. _tPhilosophic Difference and Personal Development -- _g62A. _tDe Argumento Theologico ex Sacra Scriptura -- _g1. _tPonitur Exemplum -- _g2. _tArgumenti Analysis -- _g3. _tUtrum Typicum Sit Allatum Exemplum -- _g62B. _tThe Theological Argument from Sacred Scripture -- _g1. _tThe Example -- _g2. _tAnalysis of the Argument -- _g3. _tIs This Example a Model? -- _g63. _tLuis de Molina -- _g64. _tExistential Crisis -- _g65. _tBernard Lonergan Responds (1) -- _g66. _tBernard Lonergan Responds (2) -- _g67. _tBernard Lonergan Responds (3) -- _g68. _tForeword to David Tracy, The Achievement of Bernard Lonergan -- _g69. _tForeword to Maria Shrady, Moments of Insight: The Emergence of Great Ideas in the Lives of Creative Men -- _g70. _tForeword to Bernard Tyrrell, Bernard Lonergan's Philosophy of God -- _g71. _tForeword to Matthew L. Lamb, History, Method, and Theology: A Dialectical Comparison of Wilhelm Dilthey's Critique of Historical Reason and Bernard Lonergan's Meta-Methodology -- _g72. _tReview of Frances Moore Lappe and Joseph Collins (with Cary Fowler), Food First: Beyond the Myth of Scarcity -- _g73. _tA Response to Fr Dych -- _g74. _tForeword to Michael C. O'Callaghan, Unity in Theology: Lonergan's Framework for Theology in Its New Context -- _gAppendix. _tCorrespondence on Lonergan's Review of Dietrich von Hildebrand, Marriage -- _tLexicon of Latin and Greek Words and Phrases. |
| 650 | 0 |
_aPhilosophy, Modern _y20th century. _96761 |
|
| 650 | 0 |
_aTheology _vReviews. _96762 |
|
| 650 | 0 |
_aTheology _xHistory _y20th century. _96763 |
|
| 700 | 1 |
_aCroken, Robert C., _d1933- _96764 |
|
| 700 | 1 |
_aDoran, Robert M., _d1939- _96765 |
|
| 700 | 1 |
_aMonsour, Daniel, _d1958- _96766 |
|
| 710 | 2 |
_aLonergan Research Institute. _96767 |
|
| 800 | 1 |
_aLonergan, Bernard J. F. _tWorks. _f1988 ; _vv. 20. _96768 |
|
| 900 | _bTOC | ||
| 942 |
_2lcc _cMONOGRAPH _01 |
||
| 948 | 1 |
_a20080204 _bc _crch2 _dMPS |
|
| 999 |
_c119599 _d119599 |
||